Manual de gramática inglesa comparada

محفوظ في:
التفاصيل البيبلوغرافية
المؤلف الرئيسي: García Arranz, Ángel (مؤلف)
التنسيق: كتاب
اللغة:الإسبانية
منشور في: Madrid EDI-6 1986
الموضوعات:
الوسوم: إضافة وسم
لا توجد وسوم, كن أول من يضع وسما على هذه التسجيلة!

MARC

LEADER 00000nam a2200000 a 4500
001 UCQ0117
003 CL-VaPUC
008 980619e19860000SP |||||||||||||||||spa|d
082 0 4 |a 425  |b GAR  |2 21 
100 |a García Arranz, Ángel  |e author  |9 413138 
245 1 0 |a Manual de gramática inglesa comparada 
300 |a 722 p 
942 |c BK 
945 |d 19980619 00:00:00  |a mvenant 
260 |a Madrid  |b EDI-6  |c 1986 
650 0 |a Enseñanza del inglés  |9 367340 
650 0 |a Enseñanza de idiomas  |9 339820 
650 0 |a Gramática inglesa  |9 392981 
650 0 |a Inglés  |9 260023 
583 |a last modification  |c 19980619 00:00:00  |k Rodrigo Vera 
999 |c 271271  |d 271269 
952 |0 0  |1 0  |4 0  |6 425_000000000000000_GAR_1986  |7 0  |8 A  |9 305876  |a BIBEDU  |b BIBEDU  |d 2019-11-20  |i 3432785  |o 425 GAR 1986  |p 3432785  |r 2019-11-20  |w 2019-11-20  |y BK  |k CIT 
952 |0 0  |1 0  |4 0  |6 425_000000000000000_GAR_1986  |7 0  |8 A  |9 305877  |a BIBEDU  |b BIBEDU  |d 2019-11-20  |i 360392K  |l 3  |o 425 GAR 1986  |p 360392K  |r 2023-04-24  |s 2023-04-17  |w 2019-11-20  |y BK  |k CIT